Quizzes
Events
Quiz Creation
Community
Videos
Private Events
Remove Ads
Sign In
Join for FREE
Feedback
Dark Mode
Quiz Categories
Sports
Geography
Music
Movies
Television
Just For Fun
Miscellaneous
History
Literature
Language
Science
Gaming
Entertainment
Religion
Holiday
For Kids
Quiz Lab
Recent
Popular Today
Quiz Kudos Today
Editor Picks
Curator Picks
Quizzes by...
Day
Popularity
Type
Ratings
Length
Year
Community
Subscriptions
Recent Discussions
Orange Saloon
Badges
Playlists
Quests
Create
Leaderboards
Showdown
Live 5
Trivia Bingo
Activity
Puzzle Library
Sporcle Events
Private Events
Virtual Trivia
Globe League
Become a Host
Pub Owners
SporcleCon
Opinionation
Our Games
Videos
Blog
Mobile Apps
Partnerships
Remove Ads and Go Orange
Feedback
Language
Vocabulary
Begins and Ends
Definition
Spanish
French
German
Italian
Chinese
Latin
Translation
Japanese
Language
Vocabulary
Begins and Ends
Definition
Spanish
French
German
Italian
Chinese
Latin
Translation
Japanese
Random Quiz
Search Sporcle
×
Quiz Lab
Quiz Lab
Language
end
Type in answers that appear in a list
Type in answers that appear in a list
Classic
Best Score? Go Orange.
Ends with ue Stats
Can you name the words that end with 'ue'?
By
musicelf
4m
30 Questions
238 Plays
238 Plays
238 Plays
Comments
Comments
Give Quiz Kudos
Give Quiz Kudos
-
- Ratings
hide this ad
Replay
Link that replays current quiz
Next Quiz
Link to next quiz in quiz playlist
You Got
0%
They Got
Avg Score
55%
Avg Friend Score
Upgrade to see
Score Distribution
Jump to the score distribution portion of the page
Score
0/30
Timer
04:00
0
Plays Today
hints
words ening in ue
% Correct
A primary color
blue
99.2%
A hint or Parker Bros. board game
clue
92.9%
Holds things together
glue
92.4%
Take leagal action against
sue
91.2%
Owed, or scheduled to arrive
due
85.3%
A property of color
hue
83.2%
Place to stroll down, 5th for instance
avenue
83.2%
Verifiable, a fact
true
79%
Keep it away from fozen lampposts
tongue
74.4%
To strongly debate ones opinion
argue
73.5%
A prompt, often on cards
cue
73.1%
To keep going
continue
63.9%
Temple, place of Jewish worship
synagogue
63.9%
Worth
value
63%
To chase after
pursue
59.2%
hints
words ening in ue
% Correct
To accumulate
accrue
55.5%
Cheese or chocolate, your choice
fondue
47.1%
Medusa's famous for making them
statue
46.6%
Cold and flu season necessity
tissue
44.5%
Where the story wraps up
epilogue
44.1%
Communication with another
dialogue
37.8%
the freezer, the 'final' chillout spot
morgue
35.7%
Tired, spent
fatigue
30.7%
Place where it all happens
venue
29.4%
Your take before the IRS takes a cut
revenue
27.3%
A strong dialect or accent
brogue
26.1%
To free from captivity
rescue
24.4%
Artless inncoent young girl
ingenue
22.3%
To distribute or give
issue
7.1%
Browse before you shop
catalogue
5.5%
Quiz Playlist
Details
Report
Send in Message
Add To Playlist
Classic:
Type in answers that appear in a list
Last Updated: Feb 16, 2017
Quiz Scoreboard
CHALLENGE
Sign Up to Join the Scoreboard
Show All
Scores
Hide
Comments
May contain spoilers
Recently Published
One Thing in Common: World Cities II
by knightlancer
Geography
7m
Popular People in 1961
by mucciniale
History
6m
1-10 Letter E Words III
by El_Dandy
Language
2m
More to Explore
Quiz From the Vault
Featured Blog Post
Where Did the Easter Bunny Come From?
hide this ad
You Might Also Like...
Tags
end
Today's Top Quizzes in Language
Browse Language
hide this ad
Today's Top Quizzes in end
Browse end
Top Contributed Quizzes in Language
1
Order Up: Top 10 Most Native Spoken Languages
2
1-10 Letter F Words III
3
1-10 Letter G Words III
4
Hiragana Speed Reading
5
1-10 Letter H Words III
6
Vocabulary 5
7
One Thing in Common: Italy
8
1-10 Letter I Words III
9
Begins and Ends With AN
10
1-10 Letter J Words III
Explore More
Trending Topics
Disney
Harry Potter
Crossword
NBA
Anime
Kpop
Marvel
Song
The Office
WWE
Puzzle
Country
NFL
Pokémon
Soccer
hide this ad
More By:
musicelf
Quiz
Plays
Rating
Category
Featured
Created
Common threes
1,887
3.05
Just For Fun
Feb 20, 2010
Finish the Idiom
1,834
3.20
Language
Apr 17, 2010
More famous fours
1,246
2.36
Just For Fun
Feb 26, 2010
Famous Paintings
713
2.83
Miscellaneous
Mar 19, 2010
Finish the Idioms 2
499
4.00
Language
May 6, 2010
Go to Creator's Profile
Score Distribution
Quiz Creator Spotlight
musicelf
Follow
Send a Message
Quizzes Created
-
Created Quiz Play Count
-
More By This Creator
Popular Quizzes Today
1
Find the US States - No Outlines Minefield
2
The Countries of the World
3
Popular People in 1961
4
Find the Countries of Europe - No Outlines Minefield
5
1-10 Letter E Words III
6
Find the US States
7
One Thing in Common: World Cities II
8
US States
More Language Quizzes
Anagram Pair Minefield
Published
Trending Quizzes
1-10 Letter F Words
1-10 Letter G Words
Risky Map Clicking: Next State Alphabetically
1-10 Letter F Words II
Risky Map Clicking: States by Unique Starting Letters
Recently Updated
Leaping Animals
pecheneg
Reality TV Shows (A-Z)
bhenderson79
Rickey Henderson's Hall of Fame Teammates
pecheneg
Champions League XIs: Arsenal
pecheneg
Quick Pick: Celebrities in WWE's Hall of Fame
aduchscher
A-Z Keypad Blitz II
pecheneg
Multiple Oscar Actors
pecheneg
Mystery Phrase Blitz: Oscar 'Best Actors'
pecheneg
F. Scott Fitzgerald Novels
LTH
Pick 3 Villains
ddd62291
Trending Topics
Anime
Harry Potter
NBA
Marvel
Disney
Kpop
Crossword
Soccer
NFL
Country
WWE
Puzzle
The Office
Song
Pokémon
Your Account Isn't Verified!
In order to create a playlist on Sporcle, you need to verify the email address you used during registration. Go to your
Sporcle Settings
to finish the process.
Report this User
Report this user for behavior that violates our
Community Guidelines
.
Details:
Send Report
Go to the Sporcle.com Mobile Site →
Comments